[Event "Asia-ch Amateur"]
[Site "Dubai"]
[Date "2023.09.01"]
[Round "7"]
[White "Munkh Erdene, Buyankhishig"]
[Black "Gamage, Ovin Vidmal"]
[Result "0-1"]
[WhiteElo "1761"]
[BlackElo "1598"]
[PlyCount "86"]
[EventDate "2023.08.28"]
[EventType "swiss"]
[EventRounds "9"]
[EventCountry "UAE"]
[SourceTitle "EXT 2024"]
[Source "ChessBase"]
[SourceDate "2023.10.10"]
[SourceVersion "1"]
[SourceVersionDate "2023.10.10"]
[SourceQuality "1"]

1. e4 c5 2. Nf3 Nc6 3. Bb5 e6 4. 0-0 d6 5. c3 Bd7 6. d4 cxd4 7. cxd4 a6 8. Bxc6 bxc6 9. Nc3 Ne7 10. Bf4 Ng6 11. Bg3 Be7 12. e5 d5 13. Rc1 0-0 14. Na4 Qa5 15. a3 Rfc8 16. Qc2 Rab8 17. h4 Be8 18. h5 Nf8 19. h6 g6 20. Bh4 Bxh4 21. Nxh4 Nd7 22. f4 c5 23. dxc5 Nf6 24. exf6 Bxa4 25. Qf2 Bb5 26. Rfe1 Qd8 27. Qd4 Qf8 28. Kf2 Bc4 29. b4 a5 30. Rb1 axb4 31. axb4 Rb5 32. g4 Ra8 33. Rb2 Qxh6 34. Kg3 g5 35. fxg5 Qxg5 36. Nf3 Ra3 37. Kf2 Qh6 38. Rg1 Rb8 39. Qe5 Rba8 40. c6 Rxf3+ 41. Kxf3 Ra3+ 42. Kg2 Qh3+ 43. Kf2 Qf3+ 0-1

[Event "Asia-ch Amateur"]
[Site "Dubai"]
[Date "2023.08.31"]
[Round "5"]
[White "Ebenezer, Joseph"]
[Black "Gamage, Ovin Vidmal"]
[Result "0-1"]
[WhiteElo "1866"]
[BlackElo "1598"]
[PlyCount "76"]
[EventDate "2023.08.28"]
[EventType "swiss"]
[EventRounds "9"]
[EventCountry "UAE"]
[SourceTitle "EXT 2024"]
[Source "ChessBase"]
[SourceDate "2023.10.10"]
[SourceVersion "1"]
[SourceVersionDate "2023.10.10"]
[SourceQuality "1"]

1. e4 c5 2. Nc3 Nc6 3. g3 g6 4. Bg2 Bg7 5. d3 d6 6. Be3 Rb8 7. Qd2 b5 8. Nge2 Nd4 9. 0-0 e6 10. f4 Ne7 11. Nd1 b4 12. c3 Nxe2+ 13. Qxe2 bxc3 14. bxc3 Qa5 15. e5 Nf5 16. Bc6+ Bd7 17. Bxd7+ Kxd7 18. Bd2 h5 19. exd6 Nxd6 20. c4 Qa3 21. Bc1 Bd4+ 22. Rf2 Qa5 23. Bb2 Bxf2+ 24. Nxf2 Rhc8 25. Ne4 Nxe4 26. dxe4 Kc6 27. Be5 Rb7 28. f5 Rd7 29. fxe6 fxe6 30. Rf1 Qd2 31. Qxd2 Rxd2 32. Rf6 Re8 33. Rxg6 Re2 34. Rg7 Rxe4 35. Bf4 Rxc4 36. Rxa7 e5 37. Bg5 Rc2 38. Ra6+ Kd5 0-1

[Event "Asia-ch Amateur"]
[Site "Dubai"]
[Date "2023.08.29"]
[Round "2"]
[White "Mohd Nor, Noor Hafiz"]
[Black "Gamage, Ovin Vidmal"]
[Result "0-1"]
[WhiteElo "1834"]
[BlackElo "1598"]
[PlyCount "66"]
[EventDate "2023.08.28"]
[EventType "swiss"]
[EventRounds "9"]
[EventCountry "UAE"]
[SourceTitle "EXT 2024"]
[Source "ChessBase"]
[SourceDate "2023.10.10"]
[SourceVersion "1"]
[SourceVersionDate "2023.10.10"]
[SourceQuality "1"]

1. e4 c5 2. Nf3 Nc6 3. d4 cxd4 4. c3 d5 5. e5 Bg4 6. Bb5 dxc3 7. Qa4 Bd7 8. Nxc3 a6 9. Bxc6 Bxc6 10. Qf4 e6 11. 0-0 h6 12. Rd1 Ne7 13. Be3 Ng6 14. Qd4 Ne7 15. Qg4 Nf5 16. Bd2 Be7 17. Ne2 h5 18. Qf4 g5 19. Nxg5 Rg8 20. h4 Rg7 21. g3 d4 22. Kh2 Qd5 23. Rg1 0-0-0 24. b4 Rdg8 25. a4 Rxg5 26. hxg5 Bxg5 27. Qxg5 Rxg5 28. Bxg5 Qf3 29. Nf4 Qxf2+ 30. Kh3 Bf3 31. Nxh5 Bxh5 32. Raf1 Qe2 33. g4 Bxg4+ 0-1

[Event "Veyangoda Queenstar op"]
[Site "Veyangoda"]
[Date "2023.04.18"]
[Round "5"]
[White "Bandara, Dhanushka"]
[Black "Gamage, Ovin Vidmal"]
[Result "1-0"]
[WhiteElo "1853"]
[BlackElo "1530"]
[PlyCount "113"]
[EventDate "2023.04.16"]
[EventType "swiss"]
[EventRounds "9"]
[EventCountry "SRI"]
[SourceTitle "EXT 2024"]
[Source "ChessBase"]
[SourceDate "2023.10.10"]
[SourceVersion "1"]
[SourceVersionDate "2023.10.10"]
[SourceQuality "1"]

1. e4 e5 2. Nf3 Nc6 3. Bb5 a6 4. Ba4 b5 5. Bb3 Be7 6. 0-0 Nf6 7. Re1 d6 8. c3 Bg4 9. h3 Bh5 10. d3 0-0 11. Nbd2 Na5 12. Bc2 c5 13. Nf1 Nc6 14. Ne3 Bg6 15. Nd5 Nxd5 16. exd5 Nb8 17. d4 exd4 18. Bxg6 hxg6 19. cxd4 c4 20. a4 bxa4 21. Qxa4 Nd7 22. Qxc4 Nb6 23. Qc6 Rc8 24. Qb7 Rc7 25. Qxb6 Rxc1 26. Qxa6 Rxa1 27. Qxa1 Bf6 28. b4 Qb6 29. Qc3 Qb5 30. Rb1 Qxd5 31. b5 Rb8 32. Qc7 Rxb5 33. Rxb5 Qxb5 34. Qxd6 Qb1+ 35. Kh2 Qe4 36. Qb8+ Kh7 37. Qg3 Kg8 38. Qg4 Qxg4 39. hxg4 Kf8 40. Kg3 Bd8 41. Kf4 Ke7 42. Ke5 Bc7+ 43. Kd5 Bd6 44. Kc6 Bb4 45. d5 Ba3 46. Nd2 f5 47. Nc4 Bb4 48. Kc7 fxg4 49. d6+ Bxd6+ 50. Nxd6 Ke6 51. Kc6 Ke5 52. Kc5 g5 53. Nb5 Ke4 54. Kc4 g3 55. Nc3+ Kf5 56. fxg3 Kg4 57. Ne2 1-0

[Event "SRI-chB"]
[Site "Colombo"]
[Date "2023.03.12"]
[Round "10"]
[White "Gamage, Ovin Vidmal"]
[Black "Janukshan, B."]
[Result "1-0"]
[WhiteElo "1530"]
[BlackElo "1597"]
[PlyCount "97"]
[EventDate "2023.03.04"]
[EventType "swiss"]
[EventRounds "11"]
[EventCountry "SRI"]
[SourceTitle "CBM 213 Extra"]
[Source "ChessBase"]
[SourceDate "2023.05.31"]
[SourceVersion "1"]
[SourceVersionDate "2023.05.31"]
[SourceQuality "1"]

1. d4 Nf6 2. c4 g6 3. Nc3 d5 4. cxd5 Nxd5 5. e4 Nxc3 6. bxc3 Bg7 7. Bc4 c5 8. Ne2 Nc6 9. Be3 0-0 10. 0-0 Qc7 11. Qd2 e5 12. d5 Na5 13. Bb5 a6 14. Bd3 f5 15. f3 f4 16. Bf2 g5 17. c4 h5 18. Nc3 Bd7 19. Be2 Qd6 20. Qb2 b6 21. Rab1 Rf6 22. Qa3 g4 23. Na4 Bxa4 24. Qxa4 Rg6 25. Be1 Nb7 26. Rb3 Qc7 27. Bd2 Nd6 28. Rfb1 Nf7 29. Qa3 Ng5 30. fxg4 Nxe4 31. Be1 Ng5 32. gxh5 Rh6 33. Bh4 Nf7 34. Bf3 Nd6 35. Qc1 b5 36. Bg5 bxc4 37. Rb6 Rh8 38. Bg4 Nb5 39. Rg6 Kf8 40. h6 Bxh6 41. Bxh6+ Rxh6 42. Rxh6 Qg7 43. Rh4 Nd6 44. Rb6 Rd8 45. Qa3 Qc7 46. Qxa6 Kg7 47. Bf5 Kf6 48. Bc2 Kg5 49. Rh7 1-0

[Event "SRI-chB"]
[Site "Colombo"]
[Date "2023.03.12"]
[Round "11"]
[White "Gunasekara, WAN Senpathi"]
[Black "Gamage, Ovin Vidmal"]
[Result "1-0"]
[WhiteElo "1558"]
[BlackElo "1530"]
[PlyCount "97"]
[EventDate "2023.03.04"]
[EventType "swiss"]
[EventRounds "11"]
[EventCountry "SRI"]
[SourceTitle "CBM 213 Extra"]
[Source "ChessBase"]
[SourceDate "2023.05.31"]
[SourceVersion "1"]
[SourceVersionDate "2023.05.31"]
[SourceQuality "1"]

1. e4 c5 2. Nc3 g6 3. f4 Bg7 4. Nf3 d6 5. Bb5+ Nd7 6. 0-0 a6 7. Bxd7+ Bxd7 8. d3 e6 9. Qe1 Ne7 10. Be3 Qc7 11. Qf2 Rc8 12. Qh4 b5 13. d4 b4 14. Ne2 Bb5 15. Rfe1 Qc6 16. Ng3 cxd4 17. Nxd4 Bxd4 18. Bxd4 e5 19. fxe5 dxe5 20. Be3 Qe6 21. Rac1 0-0 22. Bh6 Rfd8 23. Bg5 Rd7 24. Nf1 f5 25. Ne3 Rf8 26. Rcd1 Rc7 27. Bh6 Re8 28. Rd2 fxe4 29. Qg5 Nf5 30. Ng4 Rf7 31. Rxe4 Nd6 32. Re1 Rf5 33. Qh4 Rh5 34. Nf6+ Kh8 35. Nxh5 gxh5 36. Bg5 Kg7 37. Rf2 Nf5 38. Qxh5 Qg6 39. g4 Qxh5 40. gxh5 Nd4 41. h4 Bc6 42. Ref1 Bd5 43. c3 bxc3 44. bxc3 Nb5 45. Rf5 Nxc3 46. Bf6+ Kh6 47. Rg5 Rg8 48. Bg7+ Rxg7 49. Rf6+ 1-0

[Event "SRI-chB"]
[Site "Colombo"]
[Date "2023.03.04"]
[Round "2"]
[White "Gamage, Ovin Vidmal"]
[Black "Weerawardane, Romesh"]
[Result "0-1"]
[WhiteElo "1530"]
[BlackElo "1924"]
[PlyCount "50"]
[EventDate "2023.03.04"]
[EventType "swiss"]
[EventRounds "11"]
[EventCountry "SRI"]
[SourceTitle "CBM 213 Extra"]
[Source "ChessBase"]
[SourceDate "2023.05.31"]
[SourceVersion "1"]
[SourceVersionDate "2023.05.31"]
[SourceQuality "1"]

1. d4 Nf6 2. c4 e6 3. Nc3 Bb4 4. f3 c5 5. d5 b5 6. e4 0-0 7. Bd2 Bxc3 8. Bxc3 Bb7 9. dxe6 fxe6 10. Bxf6 Qxf6 11. Qd2 bxc4 12. Qc3 d5 13. Qxf6 Rxf6 14. exd5 exd5 15. 0-0-0 Na6 16. Ne2 d4 17. Ng3 Bd5 18. Ne4 Rb6 19. Nd2 d3 20. b3 c3 21. Ne4 Bxe4 22. fxe4 c4 23. bxc4 Nb4 24. Rxd3 Nxa2+ 25. Kd1 Rb1+ 0-1